Playing with the goddess (Gavri of the Mewar Bhils) : songs of love and laughter, Vol.-II (Record no. 3741)

MARC details
000 -LEADER
fixed length control field 00522nam a22001817a 4500
003 - CONTROL NUMBER IDENTIFIER
control field OSt
005 - DATE AND TIME OF LATEST TRANSACTION
control field 20250329171621.0
008 - FIXED-LENGTH DATA ELEMENTS--GENERAL INFORMATION
fixed length control field 250329b |||||||| |||| 00| 0 eng d
020 ## - INTERNATIONAL STANDARD BOOK NUMBER
International Standard Book Number 978819380459
082 ## - DEWEY DECIMAL CLASSIFICATION NUMBER
Classification number 294.52
Item number MEHP
100 ## - MAIN ENTRY--PERSONAL NAME
Personal name Mehta, Aditi Ghosh
245 ## - TITLE STATEMENT
Title Playing with the goddess (Gavri of the Mewar Bhils) : songs of love and laughter, Vol.-II
260 ## - PUBLICATION, DISTRIBUTION, ETC.
Place of publication, distribution, etc. New Delhi
Name of publisher, distributor, etc. Indira Gandhi National Centre for the Arts
Date of publication, distribution, etc. 2024
300 ## - PHYSICAL DESCRIPTION
Extent 376p
546 ## - LANGUAGE NOTE
Language note English
650 ## - SUBJECT ADDED ENTRY--TOPICAL TERM
Topical term or geographic name entry element Religion
942 ## - ADDED ENTRY ELEMENTS (KOHA)
Source of classification or shelving scheme Dewey Decimal Classification
Koha item type Book
Holdings
Withdrawn status Lost status Source of classification or shelving scheme Damaged status Not for loan Collection code Home library Current library Shelving location Date acquired Source of acquisition Cost, normal purchase price Inventory number Total Checkouts Full call number Barcode Date last seen Date last checked out Price effective from Koha item type
    Dewey Decimal Classification     Non-fiction RIC Library RIC Library General Stacks 03/29/2025 IGNCA 2538.00 0956/30.01.2025 1 294.52 MEHP 002999 03/25/2026 12/30/2025 03/29/2025 Book

Venue

Rajasthan International Centre
Sansthan Path,JLN Marg, Jaipur- 302017
Phone: +91-7230904025